000 00231nam a22000857a 4500
008 160907b xxu||||| |||| 00| 0 eng d
100 _9326
_aDoyle A.C
245 _aThe case book of Sherlock Holmes
260 _aNew Delhi
_bJaico publication
999 _c2986
_d2986